THREAT OF ISLAM INDIAN DIMENSIONS (Record no. 104372)

MARC details
000 -LEADER
fixed length control field 00471nam a2200181Ia 4500
008 - FIXED-LENGTH DATA ELEMENTS--GENERAL INFORMATION
fixed length control field 090124s9999 xx 000 0 und d
082 ## - DEWEY DECIMAL CLASSIFICATION NUMBER
Item number 38366
100 ## - MAIN ENTRY--PERSONAL NAME
Personal name JOG B. N.
245 ## - TITLE STATEMENT
Title THREAT OF ISLAM INDIAN DIMENSIONS
250 ## - EDITION STATEMENT
Edition statement 1
260 ## - PUBLICATION, DISTRIBUTION, ETC. (IMPRINT)
Name of publisher, distributor, etc "UNNATI PRAKASHAN, MUMBAI"
Date of publication, distribution, etc 1994
300 ## - PHYSICAL DESCRIPTION
Extent 482
600 ## - SUBJECT ADDED ENTRY--PERSONAL NAME
Personal name JOG B. N.
630 ## - SUBJECT ADDED ENTRY--UNIFORM TITLE
Uniform title THREAT OF ISLAM INDIAN DIMENSIONS
700 ## - ADDED ENTRY--PERSONAL NAME
Personal name JOG B. N.
730 ## - ADDED ENTRY--UNIFORM TITLE
Uniform title THREAT OF ISLAM INDIAN DIMENSIONS
942 ## - ADDED ENTRY ELEMENTS (KOHA)
Koha item type Book
Holdings
Withdrawn status Lost status Damaged status Not for loan Home library Current library Date acquired Cost, normal purchase price Total Checkouts Full call number Barcode Date last seen Cost, replacement price Price effective from Koha item type
        Nagar Wachan Mandir, Thane Nagar Wachan Mandir, Thane   300.00   38366 THNNWM-38366 01/24/2009 300.00 01/24/2009 Book